000 00686nam a2200205Ia 4500
001 15228
003 GE_BSU
008 181216s||||||||xx |||||||||||||| ||und||
040 _cGE_BSU
080 _a821.353.1-09
100 _aშენგელაია,დემნა
245 _aწერილები. პორტრეტები, ფოლკლორი.
245 _cრედ.ს.ჩიქოვანი
260 _aთბილისი
260 _bსაბჭოთა მწერალი
260 _c1955
300 _a287გვ.18სმ.
653 _aწერილები. პორტრეტები, ფოლკლორი.
942 _cBK
999 _c48340
_d48340